| 000 | 01239cam a2200361 4500 | ||
|---|---|---|---|
| 999 |
_c24171 _d24171 |
||
| 001 | vtls012080298 | ||
| 005 | 20260506091537.0 | ||
| 008 | 211209s2021 xo ho erh 000 fbslo | ||
| 020 |
_a9788055180182 _q(viazané) |
||
| 040 |
_aGAGK _bslo _cGAGK _dSNK _erda |
||
| 041 | 0 | _aslo | |
| 044 |
_axo _cSK |
||
| 072 | 7 |
_a821.162.4-3 _xSlovenská próza _2konspekt |
|
| 080 |
_a821.162.4-31 _22011 |
||
| 080 |
_a(0:82-312.6) _22011 |
||
| 100 | 1 |
_aCoddington, Andrea, _d1975- _4aut _94543 |
|
| 245 | 1 | 0 |
_aMoje javisko Svet _bpríbeh herečky židovského pôvodu _cAndrea Coddington |
| 250 | _aPrvé vydanie | ||
| 264 | 1 |
_aBratislava _bIkar _c2021 |
|
| 300 |
_a245 strán _bfaksimile, fotografie _c21 cm |
||
| 336 |
_atext _btxt _2rdacontent |
||
| 337 |
_abez média _bn _2rdamedia |
||
| 338 |
_azväzok _bnc _2rdacarrier |
||
| 500 | _aObsahuje biografické údaje o autorke na záložke prebalu publikácie | ||
| 500 | _aPodnázov z prebalu publikácie | ||
| 600 | 1 | 7 |
_aŠpitzerová, Dalma, _d1925-2021 _2SNKMA _95508 |
| 655 | 7 |
_aslovenské romány _2SNKPH _91694 |
|
| 655 | 7 |
_aSlovak fiction _2SNKPHeng _91695 |
|
| 655 | 7 |
_aBiographical novels _2SNKPHeng _92127 |
|
| 655 | 7 |
_abiografické romány _2SNKPH _92126 |
|
| 958 | _aLX | ||
| 958 | _aBX | ||